All Countries That Border Only 1 Country - Statistics

General Stats
  • This quiz has been taken 99 times
  • The average score is 17 of 18
Answer Stats
Neighbor Answer % Correct
United States Canada
98%
North Korea South Korea
97%
United Kingdom Ireland
96%
Saudi Arabia Qatar
96%
Germany Denmark
94%
South Africa Lesotho
94%
Spain Portugal
94%
Italy San Marino
94%
Ireland United Kingdom
94%
Italy Vatican City
94%
Haiti Dominican Republic
93%
Malaysia Brunei
92%
Dominican Republic Haiti
92%
Indonesia Timor Leste
92%
France Monaco
89%
Indonesia Papua New Guinea
87%
Senegal The Gambia
87%
Saudi Arabia Bahrain
86%
No matching quizzes found
Score Distribution
Percent of People with Each Score
Percentile by Number Answered
Your Score History
You have not taken this quiz